Car models starting with I by pictures - Statistics

General Stats
  • This quiz has been taken 65 times
  • The average score is 6 of 10
Answer Stats
Picture Hint Answer % Correct
BMW I8
91%
Hillman Imp
75%
Subaru Impreza
72%
BMW Isetta
72%
Jaguar I-pace
66%
Hyundai Ioniq 5
62%
Seat Ibiza
58%
Toyota IQ
58%
Volkswagen ID.Buzz
57%
Dodge Intrepid
34%
No matching quizzes found
Score Distribution
Percent of People with Each Score
Percentile by Number Answered
Your Score History
You have not taken this quiz